000 00531nam a2200169 i 4500
001 67752
003 ES-MaACL
005 20230906170137.0
007 t|
008 040203s1934 xxk ||||1| eng d
100 1 _aGalsworthy, John (
_d1867-1933)
_953675
245 1 0 _aLetters from John Galsworthy
_b: 1900-1932 /
_cJohn Galsworthy ; edited and with introduction by Edward Garnett.
260 _aLondon :
_bJonathan Cape,
_c1934.
300 _a255 p. ;
_c21 cm.
700 1 _aGarnett, Edward.
_955598
852 _aES-MaACL
_jA-2849
999 _c67752
_d67752